Manual primer de l'Arxiu de la Cúria Fumada de Vic (1230 - 1233) / Edició a cura de Rafel Ginebra i Molins
Descripción Física:
2 v. (1649 p.) ; 24 cm
Colección:
Acta Notariorum Cataloniae ; 6, 7
Otros Autores:
Fundació Noguera
MARC
| LEADER | 00000nam a2200000Ia 4500 | ||
|---|---|---|---|
| 001 | 11969, 11970 | ||
| 008 | 160829s1998 xx 000 0 cat d | ||
| 080 | |a A-1-201, A-1-202 | ||
| 100 | |a Ginebra i Molins, Rafael |9 39805 | ||
| 245 | |a Manual primer de l'Arxiu de la Cúria Fumada de Vic (1230 - 1233) / Edició a cura de Rafel Ginebra i Molins | ||
| 260 | |a Barcelona : |b Fundació Noguera ; Lleida : |b Pagès, |c 1998 | ||
| 300 | |a 2 v. (1649 p.) ; |c 24 cm | ||
| 490 | |a Acta Notariorum Cataloniae ; 6, 7 | ||
| 650 | |a Dret civil |x Catalunya |x Història |x Fonts |9 39806 | ||
| 650 | |a Documents públics |x Vic |x 1230/1233 |9 39807 | ||
| 700 | |a Fundació Noguera |9 70407 | ||
| 901 | |a Arxiu | ||
| 942 | |n 1 | ||
| 952 | |0 0 |1 0 |4 0 |6 A1201_A1202 |7 1 |9 49218 |a Arxiu |b Arxiu |d 2016-12-01 |l 0 |o A-1-201, A-1-202 |p 11969, 11970 |r 2016-12-01 00:00:00 |w 2016-12-01 |y ARXIU | ||
| 999 | |c 53058 |d 53058 | ||